000 00719nam a22002057a 4500
005 20251108164238.0
008 250721s1988 xx 000 0 ara d
082 1 4 _a791.455/خير
100 1 _aأبو الخير، خالد علي حسن
245 1 0 _aبرامج الأحاديث الدينية التلفازية : إعدادها - تقديمها -.... /
264 1 _aجده :
_bدار المجتمع للنشر و التوزيع،
_c1988.
300 _a149ص
650 1 7 _aالتلفزيون
650 1 7 _aالبرامج التلفزيونية
650 1 7 _aالإنتاج التلفزيوني
650 1 7 _aالسعودية
650 1 7 _aالوعظ و الإرشاد
942 _2ddc
_cBK
999 _c7343
_d7343